Qui à la prime la plus élevée ? One Piece - Statistiques

Statistiques générales
  • Ce quiz a été pris 31 fois
  • Le résultat moyen est 6 sur 10
Statistiques - réponses
Question Réponse % Correct
Qui à la prime la plus élevée ? Mihawk
79%
Qui à la prime la plus élevée ? Jinbe
75%
Qui à la prime la plus élevée ? Baggy
71%
Qui à la prime la plus élevée ? Kobby ( prime attribuée par la Cross Guild )
68%
Qui à la prime la plus élevée ? Usopp
61%
Qui à la prime la plus élevée ? Akainu ( prime attribuée par la Cross Guild )
57%
Qui à la prime la plus élevée ? Dorry
50%
Qui à la prime la plus élevée ? Queen
50%
Qui à la prime la plus élevée ? Charlotte Smoothie
46%
Qui à la prime la plus élevée ? Kizaru ( prime attribuée par la Cross Guild )
11%
Aucun quiz correspondant
Distribution des résultats
% des personnes avec chaque résultat
Percentile par nombre de réponses
Votre historique - résultats
Vous n’avez pas pris ce quiz